World Map Colored as a Flag #2 - Statistics

General Stats
  • This quiz has been taken 964 times
  • The average score is 164 of 196
Answers on the Map
Answers color-coded by a green-red scale on the quiz's map according to % correct below.
 
Answer Stats
Group Country % Correct
Bahamas United States
97%
Bahamas Canada
96%
North Korea China
96%
Bahamas Mexico
96%
North Korea Russia
96%
Panama Argentina
95%
Panama Brazil
95%
Finland France
95%
North Korea Japan
95%
North Korea Kazakhstan
95%
North Korea Mongolia
95%
Panama Bolivia
94%
Panama Chile
94%
Panama Colombia
94%
Tunisia Italy
94%
North Korea North Korea
94%
Panama Peru
94%
North Korea South Korea
94%
Iceland United Kingdom
94%
Finland Germany
93%
Nepal India
93%
Panama Paraguay
93%
Finland Spain
93%
Panama Uruguay
93%
Tunisia Algeria
92%
Tunisia Austria
92%
Panama Belize
92%
Panama Costa Rica
92%
Panama Ecuador
92%
Tunisia Egypt
92%
Tunisia Greece
92%
Panama Guatemala
92%
Panama Honduras
92%
Panama Nicaragua
92%
Papua New Guinea Australia
91%
Zambia Democratic Republic of the Congo
91%
Panama El Salvador
91%
Tunisia Libya
91%
Panama Panama
91%
Finland Portugal
91%
Seychelles South Africa
91%
Sri Lanka Sudan
91%
Belarus Turkey
91%
Tunisia Albania
90%
Tunisia Bulgaria
90%
Tunisia Croatia
90%
Tunisia Hungary
90%
Sri Lanka Indonesia
90%
Central African Republic Niger
90%
Tunisia Romania
90%
Tunisia Serbia
90%
Tunisia Bosnia and Herzegovina
89%
Tunisia Czech Republic
89%
Sri Lanka Ethiopia
89%
Tunisia Kosovo
89%
Tunisia Malta
89%
Tunisia North Macedonia
89%
Iceland Norway
89%
Tunisia Slovakia
89%
Tunisia Slovenia
89%
Sri Lanka Somalia
89%
Sri Lanka South Sudan
89%
Tunisia Vatican City
89%
Zambia Angola
88%
Kyrgyzstan Iran
88%
Belarus Iraq
88%
Sri Lanka Kenya
88%
Tunisia Montenegro
88%
Finland Netherlands
88%
Central African Republic Nigeria
88%
Central African Republic Republic of the Congo
88%
Tunisia San Marino
88%
Belarus Saudi Arabia
88%
Finland Belgium
87%
Nepal Bhutan
87%
Central African Republic Chad
87%
Papua New Guinea New Zealand
87%
Kyrgyzstan Pakistan
87%
Belarus Poland
87%
Finland Sweden
87%
Sri Lanka Thailand
87%
Tunisia Tunisia
87%
Belarus Ukraine
87%
Sri Lanka Vietnam
87%
Sri Lanka Cambodia
86%
Sri Lanka Laos
86%
Sri Lanka Malaysia
86%
Nepal Nepal
86%
Belarus Oman
86%
Finland Switzerland
86%
Finland Andorra
85%
Bahamas Bahamas
85%
Sri Lanka Bangladesh
85%
Iceland Ireland
85%
Finland Liechtenstein
85%
Finland Luxembourg
85%
Finland Monaco
85%
Sri Lanka Myanmar
85%
Seychelles Tanzania
85%
Belarus Yemen
85%
Seychelles Zimbabwe
85%
Kyrgyzstan Afghanistan
84%
Sri Lanka Eritrea
84%
Kyrgyzstan Georgia
84%
Central African Republic Ghana
84%
Seychelles Madagascar
84%
Cape Verde Morocco
84%
Seychelles Mozambique
84%
Seychelles Namibia
84%
Sri Lanka Philippines
84%
Sri Lanka Uganda
84%
Kyrgyzstan Armenia
83%
Kyrgyzstan Azerbaijan
83%
Seychelles Botswana
83%
Sri Lanka Brunei
83%
Sri Lanka Djibouti
83%
Finland Finland
83%
Belarus Israel
83%
Belarus Jordan
83%
Belarus Lebanon
83%
Seychelles Lesotho
83%
Cape Verde Mali
83%
Belarus Qatar
83%
Papua New Guinea Solomon Islands
83%
Belarus Syria
83%
Kyrgyzstan Uzbekistan
83%
Papua New Guinea Vanuatu
83%
Zambia Zambia
83%
Belarus Bahrain
82%
Central African Republic Benin
82%
Central African Republic Burkina Faso
82%
Central African Republic Cameroon
82%
Belarus Cyprus
82%
Iceland Denmark
82%
Sri Lanka East Timor
82%
Belarus Estonia
82%
Central African Republic Gabon
82%
Belarus Kuwait
82%
Belarus Latvia
82%
Belarus Lithuania
82%
Sri Lanka Palau
82%
Seychelles Rwanda
82%
Sri Lanka Singapore
82%
Kyrgyzstan Tajikistan
82%
Kyrgyzstan Turkmenistan
82%
Belarus United Arab Emirates
82%
Seychelles Eswatini
81%
Kyrgyzstan Kyrgyzstan
81%
Seychelles Malawi
81%
Sri Lanka Maldives
81%
Papua New Guinea Papua New Guinea
81%
Sri Lanka Taiwan
81%
Central African Republic Togo
81%
Seychelles Burundi
80%
Seychelles Comoros
80%
Saint Kitts and Nevis Dominican Republic
80%
Seychelles Mauritius
80%
Belarus Moldova
80%
Central African Republic São Tomé and Príncipe
80%
Sri Lanka Sri Lanka
80%
Belarus Belarus
79%
Central African Republic Equatorial Guinea
79%
Cape Verde Mauritania
79%
Seychelles Seychelles
79%
Central African Republic Central African Republic
78%
Iceland Iceland
78%
Cape Verde Senegal
78%
Saint Kitts and Nevis Cuba
76%
Cape Verde Guinea
76%
Saint Kitts and Nevis Jamaica
76%
Cape Verde Liberia
76%
Cape Verde Ivory Coast
75%
Cape Verde Sierra Leone
75%
Cape Verde Gambia
74%
Cape Verde Guinea-Bissau
74%
Saint Kitts and Nevis Haiti
72%
Cape Verde Cape Verde
70%
Saint Kitts and Nevis Venezuela
70%
Saint Kitts and Nevis Suriname
68%
Saint Kitts and Nevis Dominica
67%
Saint Kitts and Nevis Guyana
67%
Saint Kitts and Nevis Trinidad and Tobago
67%
Saint Kitts and Nevis Antigua and Barbuda
66%
Saint Kitts and Nevis Barbados
65%
Saint Kitts and Nevis Grenada
64%
Saint Kitts and Nevis Saint Lucia
64%
Saint Kitts and Nevis Saint Vincent and the Grenadines
62%
Federated States of Micronesia Fiji
60%
Federated States of Micronesia Kiribati
59%
Federated States of Micronesia Nauru
59%
Saint Kitts and Nevis Saint Kitts and Nevis
59%
Federated States of Micronesia Samoa
59%
Federated States of Micronesia Tonga
59%
Federated States of Micronesia Tuvalu
59%
Federated States of Micronesia Marshall Islands
58%
Federated States of Micronesia Federated States of Micronesia
56%
No matching quizzes found
Score Distribution
Percent of People with Each Score
Percentile by Number Answered
Your Score History
You have not taken this quiz